02779nam a2200277 4500001000400000003000400004005001700008008004100025020001800066040000800084041001300092082001800105100002000123240002500143245007800168260003600246300001600282520207700298650002402375650001302399650001302412650001302425650001302438655001602451700003402467286OSt20250528074017.0250317b |||||||j |||| 00| 1 eng d a9786555983210 bpor hengapor aI 028.5bK79b1 aKohara, Kazuno. aThe Midnight Library aBiblioteca dos Sonhos /cKohara, Kazuno ; Tradução de Bruno Dorigatti aRio de JaneirobDarkSide c2023 a32 p.bil.  aUma viagem pelo mundo mágico dos livros e bibliotecas Era uma vez uma biblioteca que abria apenas à meia-noite... Assim começa a jornada lúdica e fantástica de Biblioteca dos Sonhos. Quando estamos na cama, prontos para dormir, esta curiosa biblioteca abre suas portas para todos os animais noturnos. Lá dentro, a pequena bibliotecária e as suas três corujas assistentes orientam todos os animais que vêm de toda a parte da cidade a encontrar o seu livro perfeito. A biblioteca está sempre repleta de personagens. Até que, em uma noite, uma banda de esquilos começa a fazer uma enorme barulheira com seus instrumentos... Contando com a ajuda de todos os personagens presentes, a bibliotecária tenta colocar ordem na bagunça! Biblioteca dos Sonhos, da premiada autora Kazuno Kohara — autora de O Pequeno Bruxo, outro lançamento da Caveirinha, o selo infantil da DarkSide ® Books, e já publicada no Brasil pela finada e consagrada Cosac Naify — é uma história de enorme beleza e empatia, uma celebração mágica da literatura e do universo fantástico das bibliotecas. Uma obra capaz de propagar o amor pelos livros para uma nova geração de pequenos leitores Em suas obras, a autora utiliza a técnica da linogravura, semelhante à conhecida técnica da xilogravura, e deixa transbordar delicadeza. Kazuno possui o equilíbrio e o ritmo preciso para encantar a todos que se aproximam de suas obras. Biblioteca dos Sonhos integra a marca Caveirinha, que traz histórias e fábulas cheias de imaginação: os pequenos leitores já viveram aventuras extraordinárias em Jumanji e Zathura, aprenderam a encarar a vida com coragem em A Vida Não me Assusta — clássico poema de Maya Angelou, ilustrado com as pinturas de Basquiat — e mergulharam no imaginário de um dos mestres do terror com O Fantástico Alfabeto Lovecraft. O livro chega em uma edição caprichada, com capa dura e todo o carinho da editora mãe. Construa desde já a biblioteca perfeita para os pequenos sonhadores do nosso futuro. 0aLiteratura Japonesa 0aInfantil 0aAventura 0aFantasia 0aAnimais  0aFicção  aBruno DorigattieTradução